<?xml version="1.0" encoding="UTF-8"?>
<marc:record xmlns:marc="http://www.loc.gov/MARC21/slim">
   <marc:leader>00000nam a2200000 a 4500</marc:leader>
   <marc:datafield ind1="1" ind2=" " tag="100">
      <marc:subfield code="a">Lian, Torun</marc:subfield>
      <marc:subfield code="4">aut</marc:subfield>
      <marc:subfield code="e">Verfasser/-in</marc:subfield>
   </marc:datafield>
   <marc:datafield ind1=" " ind2=" " tag="653">
      <marc:subfield code="a">Kinderfilm</marc:subfield>
   </marc:datafield>
   <marc:datafield ind1=" " ind2=" " tag="653">
      <marc:subfield code="a">Ab 0 Jahren</marc:subfield>
   </marc:datafield>
   <marc:datafield ind1=" " ind2=" " tag="653">
      <marc:subfield code="a">DVD</marc:subfield>
   </marc:datafield>
   <marc:datafield ind1=" " ind2=" " tag="653">
      <marc:subfield code="a">Jugendfilm</marc:subfield>
   </marc:datafield>
   <marc:datafield ind1=" " ind2=" " tag="653">
      <marc:subfield code="a">DXJ</marc:subfield>
   </marc:datafield>
   <marc:datafield ind1="0" ind2="0" tag="245">
      <marc:subfield code="a">Nur Wolken bewegen die Sterne</marc:subfield>
   </marc:datafield>
   <marc:datafield ind1="0" ind2="0" tag="245">
      <marc:subfield code="c">Torun Lian</marc:subfield>
   </marc:datafield>
   <marc:datafield ind1=" " ind2="1" tag="264">
      <marc:subfield code="a">Berlin</marc:subfield>
      <marc:subfield code="b">Matthias-Film</marc:subfield>
      <marc:subfield code="c">1998</marc:subfield>
   </marc:datafield>
   <marc:datafield ind1="1" ind2=" " tag="490">
      <marc:subfield code="a">Berlinale Edition</marc:subfield>
   </marc:datafield>
   <marc:datafield ind1="1" ind2=" " tag="520">
      <marc:subfield code="a">Der kleine Bruder der 11-jährigen Maria ist gestorben. Während der Beerdigung bittet sie ihn um ein Zeichen, ob er noch da ist. Da fällt vom Blumengesteck auf dem Sarg eine Blume herunter. Dies gibt Maria etwas Trost in ihrer Trauer. Ihre Mutter kann den Tod ihres jüngsten Kindes jedoch nicht bewältigen und gerät in tiefste Depressionen. Die überforderten Eltern schicken das Mädchen zu den Großeltern, Maria fühlt sich abgeschoben. Aber dann trifft sie den gleichaltrigen Jakob, der völlig anders mit dem Leben umgeht. Er ist fröhlich, frech, abenteuerlustig und für sein Alter ziemlich klug. Jakob schafft es, Maria aus ihrem Schneckenhaus zu locken und ganz langsam werden die beiden Freunde. Mit Jakobs Hilfe lernt Maria, ihre eigene Kraft zu entdecken. Mutig geht sie auf ihre Mutter zu und schafft es, sie aus der Depression ins Leben zurückzuholen ...</marc:subfield>
   </marc:datafield>
   <marc:datafield ind1=" " ind2=" " tag="020">
      <marc:subfield code="a">9783898481632</marc:subfield>
      <marc:subfield code="9">9783898481632</marc:subfield>
   </marc:datafield>
   <marc:datafield ind1=" " ind2=" " tag="020">
      <marc:subfield code="a">3898481638</marc:subfield>
      <marc:subfield code="9">3898481638</marc:subfield>
   </marc:datafield>
   <marc:datafield ind1="0" ind2=" " tag="490">
      <marc:subfield code="v">0</marc:subfield>
   </marc:datafield>
   <marc:datafield ind1=" " ind2=" " tag="300">
      <marc:subfield code="a">93 Min.</marc:subfield>
   </marc:datafield>
</marc:record>
